| 000 | 01173nam a22003137a 4500 | ||
|---|---|---|---|
| 003 | OSt | ||
| 005 | 20250908101659.0 | ||
| 008 | 250908b |||||||| |||| 00| 0 eng d | ||
| 020 | _a9780128186558 (Hardcover) | ||
| 020 | _a9780323912792 (Volume 14) | ||
| 024 | _cUSD 860.00 | ||
| 040 |
_aNUST _beng _cNUST _dNUST _erda |
||
| 050 | _aQD400 COM | ||
| 245 |
_aComprehensive heterocyclic chemistry IV, Volume 14 : _ba review of the literature 2008 - 2021 / _cedited by David StC Black, Janine Cossy, Christian V. Stevens and Ari M. P. Koskinen. |
||
| 260 |
_aAmsterdam : _bElsevier, _c©2022. |
||
| 300 |
_axii, 1092 pages : _bIllustrations ; _c29 cm. |
||
| 336 |
_2rdacontent _atext _btxt |
||
| 337 |
_2rdamedia _aunmediated _bn |
||
| 338 |
_2rdacarrier _avolume _bnc |
||
| 504 | _aIncludes bibliographical references and index. | ||
| 650 | _aHeterocyclic compounds. | ||
| 650 | _aReview literature. | ||
| 650 | _aSpecific ring systems. | ||
| 700 |
_aBlack, David StC _eEditor |
||
| 700 |
_aCossy, Janine _eEditor |
||
| 700 |
_aStevens, Christian V. _eEditor |
||
| 700 |
_aKoskinen, Ari M. P. _eEditor |
||
| 942 |
_2lcc _cBOOKS _hQD400 COM _kQD _mCOM _n0 |
||
| 999 |
_c172351 _d172351 |
||